000 00337nam a2200145Ia 4500
008 231217s9999 xx 000 0 und d
041 _aEnglish
082 _a001.6424JAV HIT;1 R
100 _aHitchens, Ron
245 0 _aJava NIO
260 _c2002
_bShroft Pub
_aMumbai
300 _axvii+282
650 _aJava,NIO
942 _cAA
999 _c171633
_d171633